000
00329 a2200145 4500
001
153583
040
_c
Escola São Tomás de Aquino
100
_a
CARVALHO, Ilka Valle de
240
1
0
_a
Quim, o sagui
_l
por
245
1
0
_a
Quim, o sagui
362
0
_a
2007
440
1
_a
Dubolsinho
697
_a
*LITERATURA JUVENIL
942
_c
BK
999
_c
153583
_d
153583